Ciencias naturales 7 /
Guardado en:
| Autor Principal: | |
|---|---|
| Otros Autores: | , , , , |
| Formato: | Libro |
| Publicado: |
Buenos Aires :
Santillana,
2008
|
| Series: | Nuevamente
|
| Materias: | |
| Etiquetas: |
Agregar Etiqueta
Sin Etiquetas, Sea el primero en etiquetar este registro!
|
| LEADER | 01548nam a22003615a 4500 | ||
|---|---|---|---|
| 001 | CEM.cems017254 | ||
| 005 | 20120613165258.0 | ||
| 008 | 130507s2008##################000#0#####d | ||
| 003 | CEMS | ||
| 020 | |a 9789504618850 | ||
| 082 | 0 | 4 | |a 570 |
| 100 | 1 | |a Franco, Ricardo | |
| 245 | 1 | 0 | |a Ciencias naturales 7 / |c Ricardo Franco ...[et Al.] |
| 260 | |a Buenos Aires : |b Santillana, |c 2008 | ||
| 300 | |a 192 p. | ||
| 490 | 0 | |a Nuevamente | |
| 505 | 0 | |a Así es la ciencia -- El universo y el Sistema Solar -- Los materiales y las mezclas -- El agua, sustancia y mezcla -- La diversidad de la energía -- Energía: ondas y calor -- La vida: unidad y diversidad -- Los autótrofos -- Los heterótrofos -- Las relaciones tróficas -- Nutrición y alimentación humana -- Prácticas de laboratorio | |
| 653 | |a Ciencias naturales-7 | ||
| 653 | |a Fotosíntesis | ||
| 653 | |a Ciencias naturales-esb | ||
| 653 | |a Tejidos | ||
| 653 | |a Órganos | ||
| 653 | |a Sistema de Órganos | ||
| 700 | 1 | |a Frid, Débora J. | |
| 700 | 1 | |a López de Riccardini, Silvia | |
| 700 | 1 | |a Rodríguez Vida, María Inés | |
| 700 | 1 | |a Sargorodschi, Ana C. E. | |
| 700 | 1 | |a Serafini, Gabriel David | |
| 859 | |a CEMS |b BIB. CEMS - Agricultura |h 570 |i F848 |p A1029.09 |t Ej.1 |v 1 |3 1 | ||
| 859 | |a CEMS |b BIB. CEMS - Agricultura |h 570 |i F848 |p A1030.09 |t Ej.2 |v 1 |3 1 | ||
| 859 | |a CEMS |b BIB. CEMS - Agricultura |h 570 |i F848 |p A1031.09 |t Ej.3 |v 1 |3 1 | ||
| 859 | |a CEMS |b BIB. CEMS - Agricultura |h 570 |i F848 |p A1032.09 |t Ej.4 |v 1 |3 1 | ||
| 859 | |a CEMS |b BIB. CEMS - Agricultura |h 570 |i F848 |p A1033.09 |t Ej.5 |v 1 |3 1 | ||
